Chansons de So la Lune - Statistiques

Statistiques générales
  • Ce quiz a été pris 321 fois
    77 depuis la dernière actualisation
  • Le résultat moyen est 54 sur 116
Statistiques - réponses
Album Chanson % Correct
2ème faille Eternelle
81%
Fissure de vie Interlune
79%
L'enfant de la pluie OP
79%
Orbite Rodé
79%
Wilma Numéro 11
76%
L'enfant de la pluie Opening
76%
2ème faille Tsukithèse
76%
Fissure de vie Eternelle 2
74%
Fissure de vie Fin heureuse
69%
Fissure de vie Outrône
67%
L'enfant de la pluie Perte de temps
67%
Fissure de vie Soleil mourant
67%
Fissure de vie Dona
64%
Fissure de vie Guérison
64%
Nouveau Produit Motor
64%
Numéro 11 Titulaire
64%
Orbite Bonhomme de neige
62%
3ème faille CM2
62%
Wilma La pierre
62%
3ème faille Pacifique
62%
Nouveau Produit C-11
60%
Nouveau Produit Ça ira
60%
2ème faille Copine
60%
Fissure de vie Déconnecté
60%
Wilma Océan
60%
1ère faille Afar
57%
Tsuki Balade
57%
Fissure de vie En bas
57%
Nouveau Produit Full piège
57%
Nouveau Produit Isolé
57%
Nouveau Produit Luc Besson
57%
Numéro 11 Mal de mer
57%
Nouveau Produit Nouveau produit
57%
Fissure de vie Nouveaux pirates
57%
L'enfant de la pluie Au BPM
55%
Nouveau Produit Bendo toute la nuit
55%
Nouveau Produit Le masque
55%
L'enfant de la pluie Suspects
55%
Numéro 11 3 fois X ou Santana
52%
Numéro 11 A dix couleurs
52%
Fissure de vie Medellin
52%
Fissure de vie Range Ro
52%
Tsuki Shinobi
52%
L'enfant de la pluie Triste temps
52%
Nouveau Produit 30 secondes
50%
Orbite Goût vanille
50%
Apollo 11 Keh lanta
50%
3ème faille Kitsu
50%
Théia Lune city
50%
Numéro 11 Sa teille son J
50%
Satellite naturel Sorcier
50%
L'enfant de la pluie Les toits de la ville
48%
Fissure de vie Nicki
48%
Théia Seven Up
48%
Nouveau Produit Tout le temps
48%
Fissure de vie Vide
48%
Wilma Arkham
45%
Kenna L'averse
45%
Nouveau Produit Odéon
45%
L'enfant de la pluie Sales images
45%
Nouveau Produit STDM
45%
Kenna Vie d'avant
45%
Nouveau Produit Albator II
43%
Satellite naturel Diagnostic
43%
3ème faille Gina
43%
L'enfant de la pluie Interlude : Froide l'averse
43%
Nouveau Produit Journal
43%
L'enfant de la pluie L'allemande
43%
Fissure de vie Péché
43%
L'enfant de la pluie Sali
43%
L'enfant de la pluie 99 avenue
40%
Apollo 11 Au bélier
40%
1ère faille Biberon
40%
L'enfant de la pluie Bip bip
40%
Satellite naturel Bonheur
40%
Kenna Gépetto
40%
Tsuki La bête
40%
1ère faille Montana
40%
1ère faille Promesse
40%
L'enfant de la pluie Remontada
40%
2ème faille Rob Lucci
40%
Fissure de vie 2 i
38%
Nomades Retour de Flamme
38%
Kenna Un peu de moi
38%
L'enfant de la pluie Le dernier maître de l'eau
36%
Nomades Le Film
36%
Tsuki Oulalala
36%
L'enfant de la pluie Parfum automne
36%
Tsuki Raptus
36%
3ème faille Santé
36%
L'enfant de la pluie 10 Hummers
33%
Théia I8
33%
Wilma L'âme
33%
Satellite naturel Malade
33%
1ère faille Outro Miroir
33%
Nomades Sérum
33%
L'enfant de la pluie Bloqué
31%
Théia Cout d'éclat
31%
Tsuki Deux vies
31%
Tsuki Envieux
31%
Apollo 11 Maitre nageur
31%
Kenna Si ça compte
31%
L'enfant de la pluie Un jour d'été
31%
Orbite Mission
29%
Orbite Saga tome 1
29%
2ème faille Sortilège
29%
Tsuki 6 sens
26%
Tsuki Alicante
26%
Théia Podium
26%
Tsuki Quotidien
26%
Tsuki Seigneur
26%
Apollo 11 Tsukito
24%
Satellite naturel CLM
21%
Apollo 11 Séquelles
21%
Nomades Pandémie
19%
Nomades Sourire Fantôme
14%
Aucun quiz correspondant
Distribution des résultats
% des personnes avec chaque résultat
Percentile par nombre de réponses
Votre historique - résultats
Vous n’avez pas pris ce quiz depuis la dernière actualisation